000 00433nam a2200193Ia 4500
001 13894
003 GE_BSU
008 181216s||||||||xx |||||||||||||| ||und||
040 _cGE_BSU
100 _aQuennell,Peter.
245 4 _aThe colosseum.
245 4 _cThe editors of the newsweek book division.
260 _aLondon.
260 _c1971
300 _a172p;29cm.
300 _bill.
653 _aThe colosseum.
942 _cBK
999 _c47038
_d47038